| 000 | 00565nam a22001697a 4500 | ||
|---|---|---|---|
| 008 | 150408b xxu||||| |||| 00| 0 eng d | ||
| 020 | _a98630639 | ||
| 050 | _aLB1739.U58.R432 | ||
| 100 |
_aUNISA _916957 |
||
| 245 |
_aResearch in the social sciences _bonly study guide for RSC2601 _c/by UNISA |
||
| 260 |
_aPretoria _bUniversity of South Africa _c2010 |
||
| 300 |
_aix,293p. ; _c30cm. |
||
| 650 |
_aTeacher training _xManuals _916958 |
||
| 650 |
_aSocial sciences _xMethodology _916965 |
||
| 700 |
_aVan Rensburg, G.H. (ed.) _916966 |
||
| 942 |
_2lcc _cMONOGRAPH |
||
| 999 |
_c122587 _d122587 |
||